Länder mit brauner Flagge - Statistiken

Allgemein
  • Dieses Quiz wurde 44 mal gespielt
  • Das Durchschnittsergebnis liegt bei 2 aus 10
Answers on the Grid
Answers color-coded by a green-red scale on the quiz's grid according to % correct below.
Ecuador
Myanmar
Deutschland
Monaco
Kiribati
Andorra
Saudi-Arabien
Spanien
Ägypten
Guatemala
Irak
Moldawien
Elfenbeinküste
Lesotho
Bolivien
Eswatini
Panama
Mexiko
Brasilien
Dominica
Gambia
Kenia
Belize
Luxemburg
Sambia
Rumänien
Äquatorialguinea
Thailand
Fidschi
Nordkorea
 
Antwortstatistiken
Antwort % Korrekt
Ecuador
62%
Mexiko
44%
Andorra
29%
Belize
26%
Moldawien
26%
Dominica
18%
Guatemala
18%
Äquatorialguinea
9%
Bolivien
6%
Fidschi
6%
Keine übereinstimmenden Quizze gefunden
Verteilung der Resultate
Anzahl Personen mit jedem Resultat
Perzentil nach korrekt beantworteten Fragen
Ihre Resultats-Entwicklung
Sie haben dieses Quiz noch nicht gespielt